000 00552nam a2200241Ia 4500
005 20250425160659.0
008 250425s9999 xx 000 0 und d
020 _a9701500237
041 _aspa
082 _a658.4
100 _aAGUILAR, MICHAEL
245 0 _aEL VENDEDOR DE ELITE
250 _a2A ED.
260 _aMEXICO
260 _aMéxico
_bALFAOMEGA
_c1995
300 _a191
650 _aCLIENTES
650 _aESTRATEGIAS DE DESARROLLO
650 _aMARKETING TELEFONICO
650 _aVENTAS
942 _c01
010 _a2168
999 _c193999
_d193999